000 00452nam a2200169Ia 4500
008 090711s9999 xx 000 0 und d
082 _b74553
100 _aकाळे वैजयंती
245 _aसार्थक
260 _c1994
300 _a190
600 _aकाळे वैजयंती
630 _aसार्थक
700 _aकाळे वैजयंती
730 _aसार्थक
942 _cBOOK
999 _c293337
_d293337